Every Stand user in JoJo - Statistics

General Stats
  • This quiz has been taken 25 times
    5 since last reset
  • The average score is 98 of 174
Answer Stats
Answer % Correct
DIO
100%
Iggy
100%
Jean Pierre Polnareff
100%
Joseph Joestar
100%
Joseph Joestar (JJL)
100%
Josuke HIgashikata
100%
Josuke Higashikata (JJL)
100%
Jotaro Kujo
100%
Muhammad Avdol
100%
Noriaki Kakyoin
100%
Okuyasu Nijimura
100%
Anjuro Katagiri
75%
Boingo
75%
Bruno Bucciarati
75%
Bug-Eaten
75%
Charming Man
75%
Daniel J. D'Arby
75%
Diavolo
75%
Dragona Joestar
75%
Enrico Pucci
75%
Ermes Costello
75%
Foo Fighters
75%
Giorno Giovanna
75%
Gray Fly
75%
Guido Mista
75%
Gwess
75%
Gyro Zeppeli
75%
Hacca Howler
75%
Hol Horse
75%
Holy Joestar-Kira
75%
Holy Kujo
75%
Hot Pants
75%
Jodio Joestar
75%
Johnny Joestar
75%
Jolyne Cujoh
75%
Jonathan Joestar (body, postmortem)
75%
Keicho Nijimura
75%
Koichi Hirose
75%
Lulu
75%
Mariah
75%
Miuccia Miuller
75%
Mountain Tim
75%
Narancia Ghirga
75%
Narciso Anasui
75%
N'Doul
75%
Norisuke Higashikata IV
75%
Not Bug-Eaten
75%
Oingo
75%
Paco Laburantes
75%
Pannacotta Fugo
75%
Pesci
75%
Polpo
75%
Rikiel
75%
Risotto Nero
75%
Rohan Kishibe
75%
Rohan Kishibe (TJL)
75%
Shigekiyo Yangu
75%
Sports Maxx
75%
Squalo
75%
Tizzano
75%
Toshikazu Hazamada
75%
Ungalo
75%
Vanilla Ice
75%
Weather Report
75%
Wild Cat Size
75%
Yasuho Hirose
75%
Yoshikage Kira
75%
Yoshikage Kira (JJL)
75%
Alessi
50%
A. Phex Brothers
50%
Arabia Fats
50%
Axl Ro
50%
Aya Tsuji
50%
Blackmore
50%
Cameo
50%
Coco Jumbo
50%
Daiya HIgashikata
50%
D an G
50%
Devo the Cursed
50%
Diego Brando
50%
D-I-S-C-O
50%
Donatello Versus
50%
Dr. Ferdinand
50%
Emporio Alnino
50%
Enya Geil
50%
Forever
50%
Formaggio
50%
Funny Valentine
50%
Gelato
50%
Ghiaccio
50%
Green Baby
50%
Hato Higashikata
50%
Imposter Captain Tennille
50%
J. Geil
50%
Jobin Higashikata
50%
Johngalli A.
50%
Joshu Higashikata
50%
Kaato Higashikata
50%
Kenny G.
50%
Kenzou
50%
Key West
50%
L.A. Boomboom
50%
Laem Chabang
50%
Lang Rangler
50%
Leone Abbacchio
50%
Lucy Steel
50%
Midler
50%
Mike O.
50%
Mikitaka Hazekura
50%
Miraschon
50%
Mitsuba Higashikata
50%
Nena
50%
Ningbo
50%
Oyecomova
50%
Parallel World Diego
50%
Pet Shop
50%
Poor Tom
50%
Prosciutto
50%
Ringo Roadagain
50%
Rubber Soul
50%
Sale
50%
Sandman
50%
Secco
50%
Shizuka Joestar
50%
Sorbet
50%
Steely Dan
50%
Tama (Stray Cat)
50%
Telence T. D'Arby
50%
Thunder McQueen
50%
Tonio Trussardi
50%
Toru
50%
Trish Una
50%
Tsurugi Higashikata
50%
Urban Guerrilla
50%
Usagi Alohaoe
50%
Vinegar Doppio
50%
Viviano Westwood
50%
Wu Tomoki
50%
Yoshihiro Kira
50%
Aisho Dainenjiyama
25%
Akira Otoishi
25%
Andre Boomboom
25%
Benjamin Boomboom
25%
Bobby Jean
25%
Caravan Serai
25%
Carne
25%
Cioccolata
25%
Dolomite
25%
Eleven Men
25%
Guccio
25%
Illuso
25%
Josefumi Kujo
25%
Karera Sakunami
25%
Kei Nijimura
25%
Ken Oyanagi
25%
Magent Magent
25%
Mannish Boy
25%
Mario Zucchero
25%
Masazo Kinoto
25%
Melone
25%
Ojiro Sasame
25%
Pocoloco
25%
Pork Pie Hat Kid
25%
Rai Mamezuku
25%
Scolippi
25%
Tamaki Damo
25%
Tamami Kobayashi
25%
Terunosuke Miyamoto
25%
Toyohiro Kanedaichi
25%
Yotsuyu Yagiyama
25%
Yukako Yamagishi
25%
Yuya Fungami
25%
ZZ
25%
Mao Katahira
0%
No matching quizzes found
Score Distribution
Percent of People with Each Score
Percentile by Number Answered
Your Score History
You have not taken this quiz since the last reset